| 000 | 00391nam a22001457a 4500 | ||
|---|---|---|---|
| 003 | OSt | ||
| 008 | 220825b |||||||| |||| 00| 0 eng d | ||
| 082 |
_a630 _bKER/PA |
||
| 100 |
_aKerala agricultural university _95239 |
||
| 245 | _aPackage of practices recommendation crops 2016 | ||
| 250 | _a15th | ||
| 260 |
_athrissur _bkerala agricultural university _c2016 |
||
| 300 | _a393 | ||
| 942 | _cBK | ||
| 999 |
_c17539 _d17539 |
||